Faculty of Law Library — Cairo University

Official Online Catalog

Arbitration with the Arab countries / (Record no. 66016)

MARC details
000 -LEADER
fixed length control field 01760nam a2200337 i 4500
003 - CONTROL NUMBER IDENTIFIER
control field EG-GICUC
005 - DATE AND TIME OF LATEST TRANSACTION
control field 20260311110109.0
008 - FIXED-LENGTH DATA ELEMENTS--GENERAL INFORMATION
fixed length control field 260311b2011 ne ||||fr|||| 00| 0 eng d
020 ## - INTERNATIONAL STANDARD BOOK NUMBER
International Standard Book Number 9789041131706
040 ## - CATALOGING SOURCE
Original cataloging agency EG-GiCUC
Language of cataloging eng
Transcribing agency EG-GiCUC
Modifying agency EG-GiCUC
Description conventions rda
082 04 - DEWEY DECIMAL CLASSIFICATION NUMBER
Edition number 21
Classification number 347.224.056
092 04 - LOCALLY ASSIGNED DEWEY CALL NUMBER (OCLC)
Edition number 21
099 ## - LOCAL FREE-TEXT CALL NUMBER (OCLC)
Classification number Law 12 2011
100 1# - MAIN ENTRY--PERSONAL NAME
Personal name El-Aḥdab, Abd al-Ḥamīd.
245 10 - TITLE STATEMENT
Title Arbitration with the Arab countries /
Statement of responsibility, etc. Abdel Hamid El-Ahdab, Jalal El-Ahdab ; prepared with the assistance of Rita M. Bou Aoun.
250 ## - EDITION STATEMENT
Edition statement 3rd ed., rev. and expanded.
264 ## - PRODUCTION, PUBLICATION, DISTRIBUTION, MANUFACTURE, AND COPYRIGHT NOTICE
Place of production, publication, distribution, manufacture The Netherlands :
Name of producer, publisher, distributor, manufacturer Wolters Kluwer Law & Business,
Date of production, publication, distribution, manufacture, or copyright notice 2011.
300 ## - PHYSICAL DESCRIPTION
Extent li, 1200 pages ;
Dimensions 25 cm
336 ## - CONTENT TYPE
Source rda content
Content type term text
337 ## - MEDIA TYPE
Source rda media
Media type term Computer
338 ## - CARRIER TYPE
Source rda carrier
Carrier type term Online Resource
504 ## - BIBLIOGRAPHY, ETC. NOTE
Bibliography, etc. note Includes bibliographical references and index.
505 ## - FORMATTED CONTENTS NOTE
Formatted contents note Islamic law and arbitration -- Arbitration in Algeria -- Arbitration in Egypt -- Arbitration in Iraq -- Arbitration in the Hashemite kingdom of Jordan -- Arbitration in Kuwait -- Arbitration in Lebanon -- Arbitration in Libya -- Arbitration in Morocco -- Arbitration in Oman -- Arbitration in Qatar -- Arbitration in Saudi Arabia -- Arbitration in Sudan -- Arbitration in Syria -- Arbitration in Tunisia -- Arbitration in the United Arab Emirates -- Arbitration in Yemen -- The Amman Arab Convention on Commercial Arbitration (1987) -- They Riyadh Arab Convention on Judicial Cooperation.
650 #0 - SUBJECT ADDED ENTRY--TOPICAL TERM
Topical term or geographic name entry element Arbitration and award.
650 #0 - SUBJECT ADDED ENTRY--TOPICAL TERM
Topical term or geographic name entry element Arbitration and award (Islamic law)
650 #0 - SUBJECT ADDED ENTRY--TOPICAL TERM
Topical term or geographic name entry element Arbitration and award
Geographic subdivision Arab countries.
700 1# - ADDED ENTRY--PERSONAL NAME
Personal name El-Ahdab, Jalal,
Dates associated with a name 1973-
856 40 - ELECTRONIC LOCATION AND ACCESS
Uniform Resource Identifier <a href="https://fll.law.cu.edu.eg/fulltext/bks/ENGB12-00092.pdf">https://fll.law.cu.edu.eg/fulltext/bks/ENGB12-00092.pdf</a>
905 ## - Cataloger and Reviser Names
Cataloger Name: Hend El khosy
942 ## - ADDED ENTRY ELEMENTS (KOHA)
Source of classification or shelving scheme Dewey Decimal Classification
Koha item type Books
Edition 21
Suppress in OPAC No
Holdings
Withdrawn status Lost status Source of classification or shelving scheme Damaged status Not for loan Collection Home library Current library Date acquired Total checkouts Full call number Barcode Date last seen Copy number Price effective from Koha item type Public note
    Dewey Decimal Classification     القانون الدولي الخاص جــــامعة القــاهرة مكتبة كلية الحقوق - فـرع الشيخ زايد 11.03.2026   Law2 12 347.224056 EL . A 3 rev. ed - 2011 1200092 C1 ENGB12-00092 11.03.2026 1 11.03.2026 Books 1720

© All rights reserved — Faculty of Law, Cairo University